000 00939cam a22002774a 4500
001 14725150
003 ARRUPE
005 20160226155843.0
008 070206s2006 rh b 000 0 eng
010 _a 2007380027
020 _a177920020X
040 _aDLC
_cDLC
042 _alcode
043 _af-rh---
050 0 0 _aTJ163.4.Z55
_bN58 2006
100 1 _aNkomo, Jabavu Clifford.
_922534
245 1 0 _aEnergy substitution in Zimbabwe's industries /
_cJabavu Clifford Nkomo.
260 _aHarare :
_bUniversity of Zimbabwe Publications,
_c2006.
300 _avii, 129 p. ;
_c21 cm.
504 _aIncludes bibliographical references (p. 120-129).
650 0 _aIndustries
_xEnergy conservation
_zZimbabwe.
_922535
650 0 _aRenewable energy sources
_zZimbabwe.
_922536
906 _a7
_bcbc
_corigode
_d3
_encip
_f20
_gy-gencatlg
942 _2lcc
_cMONOGRAPH
999 _c124236
_d124236